[Event "Baltic Zonal III Stage 2018"]
[Site "Liepaja"]
[Date "2018.07.13"]
[Round "6"]
[White "Pultinevicius, Paulius"]
[Black "Sirosh, Ilja"]
[Result "1-0"]
[WhiteElo "2422"]
[BlackElo "2339"]
[Annotator "TA"]
[PlyCount "117"]
[EventDate "2018.07.09"]
[EventType "swiss"]
[EventCountry "LAT"]
[SourceTitle "playchess.com"]
[Source "ChessBase"]
[SourceQuality "1"]

{[%evp 22,117,45,20,55,0,9,8,6,0,0,0,39,46,160,148,146,147,160,160,156,156,168,159,159,159,159,156,161,156,164,154,158,152,150,148,164,164,227,226,209,131,176,165,206,189,202,161,203,184,160,66,66,66,64,61,69,79,188,198,216,227,218,228,213,230,603,597,819,811,785,736,992,976,750,750,750,750,750,735,29944,11427,1620,6246,29974,29976,29977,29976,29976,29975,29975,29976,29976,29977,29979,29978,29978,29979]} 1. d4 Nf6 2. c4 g6 3. Nc3 d5 4. cxd5 Nxd5 5. e4 Nxc3 6. bxc3 Bg7 7. Bc4 c5 8. Ne2 Nc6 9. Be3 O-O 10. O-O Bg4 11. f3 Bd7 12. Rc1 {LiveBook: 38 Partien. D87: Grünfeldindisch (Abtauschvariante, Botwinnik-Variante)} (12. Qd2 Rc8 13. Rac1 e6 14. Rfd1 Na5 15. Bd3 Ba4 16. Rf1 Qd7 17. Bf2 b6 18. h4 cxd4 19. cxd4 Bb5 20. Rfd1 Bxd3 21. Qxd3 {0-1 (62) Salem,A (2642)-Xiong,J (2634) chess.com INT 2018}) 12... Qa5 13. a4 $146 ({Vorgänger:} 13. dxc5 Rfd8 14. Qc2 Ne5 15. Bb3 Bb5 16. c4 Be8 17. Rfd1 Nd7 18. c6 bxc6 19. c5 Nf8 {1-0 (37) Lkhagvasuren,T (2089)-Ulziibayar,B (2221) Arvaikheer 2012}) 13... Rad8 14. Qb3 {Die Stellung ist ausgeglichen.} Qc7 15. Qa3 Na5 16. Ba2 b6 17. dxc5 Bc8 (17... Rfe8 $14) 18. cxb6 $1 $16 axb6 19. Qb4 $36 {[%mdl 2048] Schwarz muss aufpassen.} Rd6 20. Rfd1 Ba6 21. Rxd6 Qxd6 22. Qxd6 (22. Qxb6 $6 Bh6 $14) (22. Bxb6 Qd2 $17) 22... exd6 23. Bxb6 Bxe2 24. Bxa5 Ra8 25. Bb4 $1 Rxa4 26. Bb3 Ra6 {beabsichtigt ...Lh6.} 27. Kf2 Bb5 28. Rd1 Rc6 29. Rd5 Bc4 (29... Ba6 $142 30. Rxd6 Rxd6 31. Bxd6 Bxc3) 30. Bxc4 $18 ({Minderwertig wäre} 30. Rxd6 Rxd6 31. Bxc4 Rd2+ 32. Kg3 Bxc3 $11) 30... Rxc4 {[%mdl 4096] Endspiel KTL-KTL} 31. Rd3 (31. Bxd6 Rxc3 32. e5 h5) 31... h5 32. Ke3 Rc6 33. g3 (33. Bxd6 $6 Bxc3 34. Rd5 Kg7 $16) 33... Ra6 34. h4 Rc6 35. Kd2 $1 ({Finger weg von} 35. Bxd6 Bxc3 36. Ke2 f5 $16) ({Viel schwächer ist} 35. Rxd6 $6 Rxd6 36. Bxd6 Bxc3 $16) 35... Bf8 36. e5 ({Besser ist} 36. Rd5 $16) 36... Bh6+ $14 37. Ke2 dxe5 38. Rd8+ $1 Kg7 39. Kd3 $1 Bc1 (39... g5 $16) 40. c4 $18 {[%cal Bc3c4,Bc4c5][%mdl 32]} Bb2 {[#]} 41. Bf8+ $1 Kf6 {[#]} 42. c5 $1 Ra6 43. Kc4 {Und Kb5 würde nun gewinnen.} e4 $2 (43... Kf5 44. Bd6 Bd4) 44. fxe4 Be5 45. Bd6 Ra4+ 46. Kb5 {Beabsichtigt Lxe5+ und Matt.} Rxe4 47. Re8 Bxd6 48. Rxe4 Bxg3 {KT-KL} 49. Re3 Bh2 50. Kc4 g5 51. Rf3+ Kg6 52. hxg5 Kxg5 53. Rxf7 {Weiß setzt Matt.} h4 54. Kd3 Kg6 55. Rf3 Bg1 56. c6 Bb6 57. Ke2 Kg5 58. Kf1 Kg6 59. Rb3 {Precision: Weiß = 80%, Schwarz = 38%.} 1-0

[Event "Baltic Zonal III Stage 2018"]
[Site "Liepaja"]
[Date "2018.07.13"]
[Round "6"]
[White "Seeman, Tarvo"]
[Black "Kveinys, Aloyzas"]
[Result "1/2-1/2"]
[WhiteElo "2414"]
[BlackElo "2537"]
[Annotator "ChessBase"]
[PlyCount "23"]
[EventDate "2018.07.09"]
[EventType "swiss"]
[EventCountry "LAT"]
[SourceTitle "playchess.com"]
[Source "ChessBase"]
[SourceQuality "1"]
[TimeControl "5400+30"]

1. Nf3 {[%emt 0:00:28]} g6 {[%emt 0:00:19]} 2. e4 {[%emt 0:01:31]} Bg7 {[%emt 0:00:30]} 3. d4 {[%emt 0:00:18]} d6 {[%emt 0:00:07]} 4. c3 {[%emt 0:00:13]} Nf6 {[%emt 0:01:01]} 5. Bd3 {[%emt 0:00:05]} O-O {[%emt 0:00:24]} 6. O-O {[%emt 0:00:05]} c5 {[%emt 0:07:13]} 7. h3 {[%emt 0:00:18]} Qc7 {[%emt 0:02:13]} 8. Re1 {[%emt 0:01:53]} Nc6 {[%emt 0:04:31]} 9. d5 {[%emt 0:02:00]} Na5 {[%emt 0:04:14]} 10. c4 {[%emt 0:00:49]} e6 {[%emt 0:00:08]} 11. Nc3 {[%emt 0:00:16]} exd5 {[%emt 0:00:32]} 12. exd5 {[%emt 0:00:25]} 1/2-1/2

[Event "Baltic Zonal III Stage 2018"]
[Site "Liepaja"]
[Date "2018.07.13"]
[Round "6"]
[White "Berzinsh, Roland"]
[Black "Vicas, Marijus"]
[Result "1-0"]
[WhiteElo "2410"]
[BlackElo "2183"]
[Annotator "NA"]
[PlyCount "65"]
[EventDate "2018.07.09"]
[EventType "swiss"]
[EventCountry "LAT"]
[SourceTitle "playchess.com"]
[Source "ChessBase"]
[SourceQuality "1"]
[TimeControl "5400+30"]

1. d4 {[%emt 0:00:00]} Nf6 {[%emt 0:00:00]} 2. Bf4 {[%emt 0:00:00]} e6 {[%emt 0:00:47]} 3. e3 {[%emt 0:00:04]} b6 {[%emt 0:00:16]} 4. Nf3 {[%emt 0:01:13]} Bb7 {[%emt 0:00:35]} 5. Nbd2 {[%emt 0:02:28]} Bd6 {[%emt 0:00:49] LiveBook: 13 Games} 6. Bg5 $11 {[%emt 0:06:23]} h6 {[%emt 0:04:27]} 7. Bxf6 {[%emt 0:00:25]} Qxf6 {[%emt 0:01:02]} 8. e4 {[%emt 0:00:28]} Qd8 {[%emt 0:01:44]} 9. Bd3 {[%emt 0:02:40]} Be7 {[%emt 0:03:20]} 10. Qe2 {[%emt 0:03:52]} d6 {[%emt 0:02:52]} 11. c3 {[%emt 0:03:42]} Nd7 {[%emt 0:00:38]} 12. Ba6 {[%emt 0:02:22]} Qc8 {[%emt 0:01:33]} 13. Bxb7 {[%emt 0:00:06]} Qxb7 {[%emt 0:00:04]} 14. O-O {[%emt 0:00:14]} g5 {[%emt 0:02:53]} 15. a4 {[%emt 0:05:29]} g4 {[%emt 0:08:45]} 16. Ne1 {[%emt 0:00:17]} h5 {[%emt 0:00:06]} 17. Nd3 {[%emt 0:04:25]} Bg5 {[%emt 0:02:03]} 18. f4 {[%emt 0:00:43]} gxf3 {[%emt 0:05:23]} 19. Nxf3 {[%emt 0:01:03]} Bf6 {[%emt 0:03:11]} 20. d5 {[%emt 0:04:44]} O-O-O {[%emt 0:03:56]} 21. Nb4 {[%emt 0:02:18]} Rde8 {[%emt 0:03:32]} 22. Qc4 {[%emt 0:00:35]} Rhg8 {[%emt 0:02:20]} 23. h3 {[%emt 0:06:07]} Nc5 {[%emt 0:07:29]} 24. Nc6 {[%emt 0:00:27]} a6 {[%emt 0:05:27]} 25. Nfd4 {[%emt 0:24:03]} Nxe4 {[%emt 0:02:29]} 26. Nxe6 {[%emt 0:00:21]} Nd2 {[%emt 0:07:12]} 27. Qf4 {[%emt 0:06:05]} Nxf1 {[%emt 0:00:46]} 28. Ng7 {[%emt 0:09:41]} Bxg7 {[%emt 0:18:38]} 29. Qf5+ {[%emt 0:01:41]} Re6 {[%emt 0:00:04]} 30. dxe6 {[%emt 0:00:44]} Bd4+ {[%emt 0:07:58]} 31. Kxf1 {[%emt 0:02:29]} Qxc6 {[%emt 0:00:12]} 32. exf7+ {[%emt 0:00:06]} Kb7 {[%emt 0:00:01]} 33. fxg8=Q {[%emt 0:00:24]} 1-0

[Event "Baltic Zonal III Stage 2018"]
[Site "Liepaja"]
[Date "2018.07.13"]
[Round "6"]
[White "Samolins, Vitalijs"]
[Black "Kulaots, Kaido"]
[Result "1/2-1/2"]
[WhiteElo "2400"]
[BlackElo "2555"]
[Annotator "TA"]
[PlyCount "128"]
[EventDate "2018.07.09"]
[EventType "swiss"]
[EventCountry "LAT"]
[SourceTitle "playchess.com"]
[Source "ChessBase"]
[SourceQuality "1"]

{[%evp 25,128,39,36,-17,-17,-17,-4,0,-2,-16,0,0,0,0,0,0,0,0,14,14,26,26,26,26,26,0,0,0,0,0,0,-15,-15,-15,-15,-15,-15,-15,-15,-9,-9,-54,-54,-54,-54,-54,-54,-54,-54,-110,-110,-109,-47,-103,-109,-139,-140,-145,-150,-143,-112,-102,-106,-127,-72,-89,-61,-61,-42,-42,-42,-42,-42,-42,-42,-42,-42,-42,-42,-42,-40,-41,-29,-31,-20,-20,0,-29,-29,-33,-33,-33,-33,-40,-40,-40,0,0,0,0,0,0,0,0,0]} 1. e4 c5 2. Nf3 g6 3. d4 cxd4 4. Nxd4 Nc6 5. c4 Bg7 6. Be3 Nf6 7. Nc3 d6 8. Be2 O-O 9. O-O Bd7 10. h3 Nxd4 11. Bxd4 Bc6 12. Qc2 {B38: Sizilianisch (Maroczy-Aufbau)} a5 13. Rad1 Qc7 {[#] LiveBook: 7 Partien} 14. Bxf6 $146 (14. Kh1 $14) ({Vorgänger:} 14. Nd5 Bxd5 15. exd5 Nd7 16. Bxg7 Kxg7 17. Qc3+ Kg8 18. Rd4 Nc5 19. Rfd1 a4 {1-0 (33) Rakhmanov,A (2655)-Skoberne,J (2563) Batumi 2018}) 14... Bxf6 $11 15. Nd5 Bxd5 $1 16. Rxd5 e6 17. Rd2 h5 18. a4 Qc5 19. Qd3 Ra6 20. Kh1 Rb6 21. b3 Kg7 22. f4 h4 23. Bd1 Rc6 24. Bf3 Rcc8 25. Qxd6 Be7 26. Qxc5 Bxc5 27. f5 Rcd8 28. Rxd8 Rxd8 29. fxe6 fxe6 {[%mdl 4096] Endspiel KTL-KTL} 30. e5 b6 31. Rd1 Rf8 32. Kh2 Rf5 33. Rd3 Rxe5 34. g3 g5 35. gxh4 gxh4 36. Kg2 Re1 37. Rd7+ ({Günstiger ist} 37. Ba8 $15) 37... Kf6 $17 38. Rh7 {[#]} Rg1+ $1 39. Kh2 Rg3 40. Bg4 Rxb3 41. Rh6+ Kg5 42. Rxe6 Rb4 43. Bd1 Rxc4 44. Kg2 Rc3 ({Besser ist} 44... Rd4 45. Re1 Rd2+ 46. Kf3 Rd3+ 47. Kg2 Rg3+ 48. Kh2 Rd3) 45. Bf3 Ra3 46. Re4 Bb4 47. Rg4+ Kf5 48. Bc6 Be7 49. Bd7+ Ke5 50. Rg6 {[#] Droht stark Te6+.} Bf6 51. Rg4 Rd3 52. Bb5 Rd2+ 53. Kf3 Kf5 54. Rf4+ Kg5 55. Rg4+ Kf5 56. Rf4+ Kg6 57. Rg4+ Bg5 58. Rg2 Rd4 59. Rc2 Kf5 60. Rc6 Rf4+ 61. Kg2 {Die Stellung ist ausgeglichen.} Rb4 62. Rxb6 Rb2+ 63. Kf1 Ke5 64. Rc6 Be3 {Precision: Weiß = 72%, Schwarz = 68%.} 1/2-1/2

[Event "Baltic Zonal III Stage 2018"]
[Site "Liepaja"]
[Date "2018.07.13"]
[Round "6"]
[White "Chukavin, Kirill"]
[Black "Bernotas, Arturs"]
[Result "0-1"]
[WhiteElo "2303"]
[BlackElo "2413"]
[Annotator "TA"]
[PlyCount "76"]
[EventDate "2018.07.09"]
[EventType "swiss"]
[EventCountry "LAT"]
[SourceTitle "playchess.com"]
[Source "ChessBase"]
[SourceQuality "1"]

{[%evp 26,76,0,-18,-22,-27,-15,-10,-9,-41,-31,-70,-55,-45,-63,-144,-129,-129,-130,-223,-216,-208,-210,-201,-194,-245,-252,-412,-404,-547,-514,-545,-505,-639,-617,-589,-581,-544,-544,-518,-540,-521,-529,-1827,-481,-460,0,-1489,-1248,-12834,-12354,-6387,-6387]} 1. e4 c6 2. d4 d5 3. Nc3 dxe4 4. Nxe4 Bf5 5. Ng3 Bg6 6. h4 h6 7. Nf3 e6 8. Ne5 Bh7 9. Bd3 Bxd3 10. Qxd3 Nd7 {B19: Classical Caro-Kann: 4...Bf5 main line} 11. f4 Bb4+ (11... Be7 12. Bd2 Nxe5 13. fxe5 Bxh4 14. O-O-O Bxg3 15. Qxg3 Ne7 16. Qxg7 Rg8 17. Qf6 Nf5 18. Bxh6 Qxf6 19. exf6 {½-½ (32) Hou,Y (2680)-Karjakin,S (2753) Wijk aan Zee 2018}) 12. c3 Be7 13. h5 Ngf6 14. Qf3 {[#] LiveBook: 3 Games} Qb6 $146 ({Predecessor:} 14... O-O 15. Be3 Qa5 16. Nxd7 Nxd7 17. f5 Qd5 18. Qxd5 exd5 {0-1 (51) Wegener,O (2441)-Braun,A (2549) Germany 2015}) 15. Qe2 O-O 16. Be3 Rad8 17. O-O-O Nd5 {[#] ...Nxe5 is the strong threat.} 18. Nxd7 Rxd7 19. Ne4 Rfd8 20. g4 (20. Rd2 $15) 20... Nxe3 $17 21. Qxe3 {[#]} c5 $1 {[%mdl 512]} 22. dxc5 (22. Nxc5 $17 {might work better.} Bxc5 23. dxc5 Rxd1+ 24. Rxd1 Rxd1+ 25. Kxd1 Qxb2 26. Qd2) 22... Rxd1+ $19 23. Rxd1 Rxd1+ 24. Kxd1 Qxb2 25. Qd4 (25. a3 $142) 25... Qxa2 26. c4 $2 (26. Nd6 {was called for.}) 26... Qg2 27. Nd6 Qxg4+ 28. Kc1 Bf6 29. Qe4 Qg1+ 30. Kc2 Qf2+ 31. Kd3 Qxc5 32. Nxb7 Qa3+ 33. Ke2 Qb2+ 34. Kf3 Qc3+ (34... Bh4 $142 35. Ke3 Be1) 35. Ke2 Qb2+ (35... a5 $142 36. Nc5 Bd4) 36. Kf3 $1 Bd4 {( -> ...Qf2+). Black is clearly winning.} 37. Kg3 Qf2+ 38. Kh3 Qf1+ {Precision: White = 23%, Black = 77%.} 0-1

[Event "Baltic Zonal III Stage 2018"]
[Site "Liepaja"]
[Date "2018.07.13"]
[Round "6"]
[White "Brazdzionis, Andrius"]
[Black "Haavamae, Henrik"]
[Result "1-0"]
[WhiteElo "2252"]
[BlackElo "2185"]
[Annotator "NA"]
[PlyCount "133"]
[EventDate "2018.07.09"]
[EventType "swiss"]
[EventCountry "LAT"]
[SourceTitle "playchess.com"]
[Source "ChessBase"]
[SourceQuality "1"]
[TimeControl "5400+30"]

1. d4 {[%emt 0:01:41]} Nf6 {[%emt 0:00:00]} 2. c4 {[%emt 0:00:21]} e6 {[%emt 0:00:06]} 3. Nf3 {[%emt 0:00:20]} d5 {[%emt 0:00:27]} 4. g3 {[%emt 0:01:25]} dxc4 {[%emt 0:01:09]} 5. Bg2 {[%emt 0:00:08]} Nbd7 {[%emt 0:00:30]} 6. Qa4 {[%emt 0:03:19]} a6 {[%emt 0:00:37]} 7. Qxc4 {[%emt 0:00:05]} b5 {[%emt 0:00:14]} 8. Qc6 {[%emt 0:00:04]} Rb8 $11 {[%emt 0:04:37] LiveBook: 163 Partien} 9. O-O {[%emt 0:04:46]} Bb7 {[%emt 0:00:51]} 10. Qc2 {[%emt 0:00:05]} c5 {[%emt 0:01:34]} 11. a4 {[%emt 0:03:56]} b4 {[%emt 0:06:01]} 12. Nbd2 {[%emt 0:18:29]} cxd4 {[%emt 0:02:20]} 13. Nxd4 {[%emt 0:00:29]} Bxg2 {[%emt 0:01:00]} 14. Kxg2 {[%emt 0:00:06]} Rc8 {[%emt 0:02:00]} 15. Qd1 {[%emt 0:05:07]} Be7 {[%emt 0:04:30]} 16. N2b3 {[%emt 0:05:15]} O-O {[%emt 0:02:14]} 17. e3 {[%emt 0:09:04]} Nc5 {[%emt 0:06:13]} 18. Qf3 {[%emt 0:05:23]} e5 {[%emt 0:06:55]} 19. Nxc5 {[%emt 0:00:10]} Bxc5 {[%emt 0:01:53]} 20. Nb3 {[%emt 0:01:42]} e4 {[%emt 0:06:19]} 21. Qe2 {[%emt 0:01:34]} Qd5 {[%emt 0:03:31]} 22. Qd1 {[%emt 0:05:09]} Qe5 {[%emt 0:03:02]} 23. Bd2 {[%emt 0:00:41]} Rfd8 {[%emt 0:04:28]} 24. Qe2 {[%emt 0:01:46]} Qxb2 {[%emt 0:07:41]} 25. Rab1 {[%emt 0:02:56]} Qa2 {[%emt 0:02:17]} 26. Nxc5 {[%emt 0:14:19]} Rxc5 {[%emt 0:00:39]} 27. Qxa6 {[%emt 0:00:29]} Rc2 {[%emt 0:04:48]} 28. Ra1 {[%emt 0:00:44]} Qd5 {[%emt 0:02:14]} 29. Bxb4 {[%emt 0:01:20]} Ng4 {[%emt 0:00:41]} 30. Qb6 {[%emt 0:00:12]} h5 {[%emt 0:08:36]} 31. h3 {[%emt 0:04:33]} Ne5 {[%emt 0:02:41]} 32. Rac1 {[%emt 0:01:51]} Rdc8 {[%emt 0:06:02]} 33. Rxc2 {[%emt 0:00:41]} Rxc2 {[%emt 0:00:02]} 34. Qd4 {[%emt 0:00:40]} Qxd4 {[%emt 0:01:27]} 35. exd4 {[%emt 0:00:00]} Nd3 {[%emt 0:00:22]} 36. Be1 {[%emt 0:02:01]} Re2 {[%emt 0:04:17]} 37. Bc3 {[%emt 0:00:01]} Rc2 {[%emt 0:01:51]} 38. Be1 {[%emt 0:00:01]} Rc4 {[%emt 0:00:45]} 39. a5 {[%emt 0:00:35]} Rxd4 {[%emt 0:00:20]} 40. g4 {[%emt 0:03:00]} h4 {[%emt 0:00:40]} 41. Bd2 {[%emt 0:00:22]} Ra4 {[%emt 0:01:47]} 42. Bg5 {[%emt 0:00:57]} Ra2 {[%emt 0:00:40]} 43. Kg1 {[%emt 0:00:22]} Ne5 {[%emt 0:00:49]} 44. Bd8 {[%emt 0:00:14]} f6 {[%emt 0:00:52]} 45. Bb6 {[%emt 0:01:02]} Kf7 {[%emt 0:01:02]} 46. Kg2 {[%emt 0:00:28]} Nd3 {[%emt 0:00:39]} 47. Rb1 {[%emt 0:00:37]} Nf4+ {[%emt 0:00:41]} 48. Kh2 {[%emt 0:00:06]} Nd5 {[%emt 0:00:33]} 49. Kg1 {[%emt 0:02:36]} Nf4 {[%emt 0:00:27]} 50. Kh2 {[%emt 0:00:11]} Ra3 {[%emt 0:00:13]} 51. Re1 {[%emt 0:02:03]} Rxh3+ {[%emt 0:00:51]} 52. Kg1 {[%emt 0:00:00]} Ra3 {[%emt 0:00:51]} 53. Rxe4 {[%emt 0:00:05]} g5 {[%emt 0:00:33]} 54. Rc4 {[%emt 0:01:58]} Ke6 {[%emt 0:00:33]} 55. Rc6+ {[%emt 0:00:12]} Ke5 {[%emt 0:00:28]} 56. a6 {[%emt 0:01:06]} Ke4 {[%emt 0:00:30]} 57. a7 {[%emt 0:00:34]} Kf3 {[%emt 0:00:35]} 58. Rc8 {[%emt 0:01:04]} Ne2+ {[%emt 0:00:29]} 59. Kh2 {[%emt 0:00:05]} f5 {[%emt 0:00:32]} 60. a8=Q+ {[%emt 0:00:30]} Rxa8 61. Rxa8 {[%emt 0:00:01]} fxg4 {[%emt 0:00:09]} 62. Ra3+ {[%emt 0:00:18]} Kf4 {[%emt 0:00:34]} 63. Be3+ {[%emt 0:00:07]} Kf3 {[%emt 0:00:51]} 64. Bxg5+ {[%emt 0:00:12]} Kxf2 {[%emt 0:00:05]} 65. Bxh4+ {[%emt 0:00:03]} g3+ {[%emt 0:00:09]} 66. Bxg3+ {[%emt 0:00:05]} Nxg3 {[%emt 0:00:08]} 67. Rxg3 {[%emt 0:00:03]} 1-0

[Event "Baltic Zonal III Stage 2018"]
[Site "Liepaja"]
[Date "2018.07.13"]
[Round "6"]
[White "Pedoson, Georg Aleksander"]
[Black "Rogule, Laura"]
[Result "1-0"]
[WhiteElo "2176"]
[BlackElo "2320"]
[Annotator "NA"]
[PlyCount "75"]
[EventDate "2018.07.09"]
[EventType "swiss"]
[EventCountry "LAT"]
[SourceTitle "playchess.com"]
[Source "ChessBase"]
[SourceQuality "1"]
[TimeControl "5400+30"]

1. d4 {[%emt 0:00:00]} d5 {[%emt 0:00:46]} 2. Nf3 {[%emt 0:00:00]} Nf6 {[%emt 0:00:51]} 3. c4 {[%emt 0:00:00]} e6 {[%emt 0:00:57]} 4. Nc3 {[%emt 0:00:04]} c6 {[%emt 0:02:52]} 5. e3 {[%emt 0:00:12]} Nbd7 {[%emt 0:00:40]} 6. Qc2 {[%emt 0:00:27]} Bd6 {[%emt 0:01:36]} 7. Bd2 $11 {[%emt 0:01:53] LiveBook: 484 Games} O-O {[%emt 0:07:31]} 8. h3 {[%emt 0:03:44]} Re8 {[%emt 0:16:23]} 9. g4 {[%emt 0:05:07]} e5 {[%emt 0:06:54]} 10. g5 {[%emt 0:07:04]} exd4 {[%emt 0:05:58]} 11. gxf6 {[%emt 0:04:12]} Qxf6 {[%emt 0:15:32]} 12. Nxd4 {[%emt 0:03:24]} Qxd4 {[%emt 0:00:05]} 13. O-O-O {[%emt 0:00:11]} Qe5 {[%emt 0:02:32]} 14. cxd5 {[%emt 0:03:55]} cxd5 {[%emt 0:00:25]} 15. Nb5 {[%emt 0:00:15]} Qe7 {[%emt 0:08:38]} 16. Nxd6 {[%emt 0:01:59]} Qxd6 {[%emt 0:00:05]} 17. Bc3 {[%emt 0:01:07]} Nf6 {[%emt 0:05:17]} 18. Rg1 {[%emt 0:01:32]} Bd7 {[%emt 0:02:02]} 19. Kb1 {[%emt 0:01:20]} g6 {[%emt 0:06:36]} 20. Rg5 {[%emt 0:03:14]} Rac8 {[%emt 0:06:38]} 21. Bg2 {[%emt 0:01:37]} Qe7 {[%emt 0:01:05]} 22. h4 {[%emt 0:06:19]} b5 {[%emt 0:02:25]} 23. Qd3 {[%emt 0:05:21]} b4 {[%emt 0:01:23]} 24. Be5 {[%emt 0:03:10]} Ng4 {[%emt 0:02:06]} 25. Bg3 {[%emt 0:00:29]} h6 {[%emt 0:01:29]} 26. Rxd5 {[%emt 0:05:58]} Bc6 {[%emt 0:00:15]} 27. h5 {[%emt 0:01:13]} Bxd5 {[%emt 0:00:49]} 28. Bxd5 {[%emt 0:00:05]} Kh7 {[%emt 0:01:13]} 29. hxg6+ {[%emt 0:04:02]} fxg6 {[%emt 0:00:02]} 30. Qd4 {[%emt 0:00:12]} Nf6 {[%emt 0:01:02]} 31. Bd6 {[%emt 0:00:23]} Qg7 {[%emt 0:00:29]} 32. Be5 {[%emt 0:00:04]} Rf8 {[%emt 0:00:23]} 33. e4 {[%emt 0:02:40]} Rcd8 {[%emt 0:00:17]} 34. Rc1 {[%emt 0:00:07]} Rd7 {[%emt 0:00:44]} 35. Rc6 {[%emt 0:00:44]} Rdf7 {[%emt 0:00:52]} 36. Bxf7 {[%emt 0:00:08]} Rxf7 {[%emt 0:00:25]} 37. Bxf6 {[%emt 0:00:06]} Qf8 {[%emt 0:00:08]} 38. e5 {[%emt 0:00:13]} 1-0

[Event "Baltic Zonal III Stage 2018"]
[Site "Liepaja"]
[Date "2018.07.13"]
[Round "7"]
[White "Kulaots, Kaido"]
[Black "Meskovs, Nikita"]
[Result "1-0"]
[WhiteElo "2555"]
[BlackElo "2540"]
[Annotator "TA"]
[PlyCount "83"]
[EventDate "2018.07.09"]
[EventType "swiss"]
[EventCountry "LAT"]
[SourceTitle "playchess.com"]
[Source "ChessBase"]
[SourceQuality "1"]

{[%evp 16,83,16,17,33,28,31,35,56,50,43,39,49,43,81,26,27,35,38,37,44,34,47,53,51,46,92,79,77,93,102,108,159,154,174,188,175,188,244,253,292,289,342,309,316,291,273,270,293,288,288,295,281,265,499,463,488,488,466,441,503,500,490,477,515,515,515,515,562,566]} 1. e4 e5 2. Nf3 Nc6 3. Nc3 Nf6 4. Bb5 Bb4 5. O-O O-O 6. d3 d6 7. Ne2 h6 {C49: Four Knights: 4 Bb5 Bb4} (7... Ne7 8. c3 Ba5 9. Ng3 Ng6 10. Re1 a6 11. Ba4 b5 12. Bb3 c5 13. a4 Bd7 14. h3 b4 15. c4 Qc8 16. Be3 Ne8 17. Qd2 Bd8 {½-½ (31) Wang,H (2710)-Yu,Y (2759) Hangzhou 2018}) 8. c3 Bc5 9. Ng3 {LiveBook: 4 Games} a5 $146 {The position is equal.} ({Predecessor:} 9... Bb6 10. h3 Ne7 11. Re1 Bd7 12. Bxd7 Qxd7 13. d4 Rad8 14. Qc2 Ng6 15. a4 {½-½ (39) Nogler,S (2410)-Coche,W (2498) Remote email 2013}) 10. h3 Bb6 11. Re1 Be6 12. Ba4 Ne7 13. d4 Ng6 14. Be3 exd4 15. Bxd4 (15. cxd4 $16 d5 16. e5) 15... c6 $11 16. Bb3 Re8 17. Bxe6 Rxe6 18. Qb3 Nd7 19. Rad1 a4 20. Qc2 $36 {[%mdl 2048] White fights for an advantage.} Bc7 21. Nf5 Nf6 22. c4 Qe8 23. Bc3 c5 (23... Qf8 $142) 24. Nh2 $16 {[%cal Bf3h2,Bh2g4,Bg4e3,Be3d5][%mdl 32]} Ra6 25. Ng4 {[#] Strongly threatening Bxf6.} Bd8 26. Nge3 Qf8 (26... Ne7 $142 27. Bxf6 Rxf6 28. Nxe7+ Bxe7) 27. Nd5 $18 Ne8 28. f4 {[%cal Bf2f4,Bf4f5][%mdl 32]} Ba5 29. Nxh6+ gxh6 30. f5 Bxc3 31. Qxc3 Re5 32. fxg6 fxg6 33. Rf1 Qg7 34. Rf2 Rxe4 $2 (34... b6 35. Qe3 Ra7) 35. Rdf1 {[#] White threatens Qxg7+ and mate.White is clearly winning.} Re5 36. Qf3 {aiming for Qf8+.} Rf5 37. Qe4 Qe5 38. Qxe5 dxe5 39. Ne7+ Kf7 40. Nxf5 gxf5 41. Rxf5+ Ke6 42. Rh5 {Precision: White = 93%, Black = 35%.} 1-0